[Event "Torneo B"]
[Site "Formia ITA"]
[Date "1995.07.??"]
[Round "?"]
[White "Mordiglia, Riccardo"]
[Black "Segatini, Andrea"]
[Result "1/2-1/2"]
[WhiteElo "2015"]
[BlackElo "1902"]
[PlyCount "119"]
[EventDate "1995.07.20"]

1. e4 g6 2. d4 Bg7 3. Nc3 d6 4. f4 Nf6 5. e5 Nfd7 6. Nf3 c5 7. e6 fxe6 8. Ng5
Nf6 9. dxc5 O-O 10. Bc4 d5 11. Bb3 Qa5 12. Bd2 Qxc5 13. Qe2 Qb6 14. O-O-O a5
15. Rde1 Ra6 16. h4 Nh5 17. Rh3 a4 18. Nxd5 exd5 19. Bxd5+ e6 20. Bxe6+ Bxe6
21. Qxe6+ Qxe6 22. Nxe6 Re8 23. Rhe3 Nd7 24. Nxg7 Rxe3 25. Rxe3 Nxg7 26. Re7
Rd6 27. Bb4 Rb6 28. Bc3 Nf6 29. g4 Kf8 30. Rxg7 Kxg7 31. g5 h5 32. gxf6+ Kf7
33. Kd2 Re6 34. Be5 Rc6 35. Kd3 Ke6 36. c4 Rc8 37. b4 axb3 38. axb3 Ra8 39. Kc2
Rf8 40. Kd3 Kf5 41. c5 Kg4 42. b4 Kxh4 43. b5 Kg4 44. c6 bxc6 45. bxc6 Kf5 46.
c7 Ke6 47. Ke3 g5 48. Kf3 Rg8 49. Kg3 h4+ 50. Kg4 gxf4+ 51. Kxf4 h3 52. Ke4
Rg4+ 53. Kd3 Rg8 54. Kc4 Ra8 55. Kd4 Kd7 56. Ke4 Rh8 57. Kf5 Rh5+ 58. Kg6 h2
59. Bxh2 Rxh2 60. f7 1/2-1/2

[Event "Torneo B"]
[Site "Formia ITA"]
[Date "1995.07.??"]
[Round "?"]
[White "Neri, Enzo"]
[Black "Accardo, Francesco"]
[Result "1-0"]
[WhiteElo "2069"]
[BlackElo "1898"]
[PlyCount "84"]
[EventDate "1995.07.20"]

1. e4 c5 2. Nf3 e6 3. d4 a6 4. c4 cxd4 5. Nxd4 Nf6 6. Nc3 Qc7 7. Be2 Nc6 8. Be3
Bb4 9. f3 h5 10. Rc1 Ne5 11. Qb3 Bc5 12. Na4 b6 13. Qc3 Be7 14. Nc2 Bc5 15. Bd4
Ng6 16. b4 Bxd4 17. Qxd4 Qf4 18. Rd1 Qg5 19. g3 e5 20. Qe3 Qxe3 21. Nxe3 Rb8
22. Nf5 O-O 23. Rd6 b5 24. cxb5 axb5 25. Nb6 Bb7 26. Nxd7 Nxd7 27. Rxd7 Rfc8
28. Kd2 Rd8 29. Rxd8+ Rxd8+ 30. Ke3 Bc6 31. Rc1 Be8 32. Rc5 Ra8 33. Nd6 Ra3+
34. Kf2 Bd7 35. Rc2 h4 36. Bxb5 Be6 37. Bc4 Bxc4 38. Nxc4 Rd3 39. b5 h3 40. b6
Ne7 41. Nxe5 Rd1 42. b7 Rb1 1-0

[Event "Torneo B"]
[Site "Formia ITA"]
[Date "1995.07.??"]
[Round "?"]
[White "Neri, Enzo"]
[Black "Castrogiovanni, Carlo"]
[Result "1/2-1/2"]
[WhiteElo "2069"]
[BlackElo "1929"]
[PlyCount "78"]
[EventDate "1995.07.20"]

1. d4 d5 2. Nf3 Bf5 3. c4 e6 4. Nc3 Nc6 5. cxd5 exd5 6. Bf4 Nf6 7. e3 Bd6 8.
Bg5 Be7 9. Rc1 O-O 10. Bxf6 Bxf6 11. Qb3 Re8 12. Be2 Ne7 13. O-O Qd7 14. a4 c6
15. Qa3 Ng6 16. b4 a6 17. Qb3 b5 18. Ne1 Ne7 19. Nd3 Bxd3 20. Bxd3 Nc8 21. Ne2
Nb6 22. axb5 axb5 23. Qc2 Nc4 24. Bxh7+ Kh8 25. Qf5 Qxf5 26. Bxf5 Re7 27. Nc3
g6 28. Bd3 Nd6 29. Nxb5 cxb5 30. Rc5 Ra3 31. Bxb5 Nxb5 32. Rxb5 Rd7 33. Rb1 Kg7
34. g3 Be7 35. Rb8 Raa7 36. b5 Rab7 37. Ra8 Kf6 38. f3 Ra7 39. Rc8 Rdc7 1/2-1/2

[Event "Torneo B"]
[Site "Formia ITA"]
[Date "1995.07.??"]
[Round "?"]
[White "Neri, Enzo"]
[Black "Doric, Nenad"]
[Result "1/2-1/2"]
[WhiteElo "2069"]
[BlackElo "2245"]
[PlyCount "30"]
[EventDate "1995.07.20"]

1. d4 d5 2. Nf3 Nf6 3. c4 c6 4. Nc3 e6 5. cxd5 exd5 6. Bf4 Bf5 7. e3 Be7 8. Ne5
O-O 9. Bd3 Bxd3 10. Nxd3 Nbd7 11. O-O Re8 12. Rc1 Ne4 13. Nxd5 cxd5 14. Bc7 Qc8
15. Bf4 Qd8 1/2-1/2

[Event "Torneo B"]
[Site "Formia ITA"]
[Date "1995.07.??"]
[Round "?"]
[White "Neri, Enzo"]
[Black "Mihic, Vladimir"]
[Result "0-1"]
[WhiteElo "2069"]
[BlackElo "2220"]
[PlyCount "100"]
[EventDate "1995.07.20"]

1. Nf3 Nf6 2. c4 g6 3. d4 Bg7 4. Nc3 O-O 5. g3 d6 6. Bg2 c6 7. e4 Qa5 8. Bd2
Nbd7 9. b4 Qc7 10. O-O a5 11. b5 c5 12. d5 Nb6 13. Qe2 Bg4 14. h3 Bxf3 15. Bxf3
Nfd7 16. Rac1 Ne5 17. Nd1 Nxf3+ 18. Qxf3 a4 19. a3 Qd7 20. g4 h6 21. Qg3 Kh7
22. Bc3 Bxc3 23. Rxc3 e6 24. Ne3 exd5 25. Nxd5 Nxd5 26. cxd5 Rfe8 27. Re1 Ra5
28. Rce3 Rxb5 29. e5 dxe5 30. Rxe5 Rxe5 31. Qxe5 c4 32. Rd1 Rc5 33. Qd4 Qd6 34.
Re1 Qxd5 35. Qxd5 Rxd5 36. Re7 b5 37. Rxf7+ Kg8 38. Rc7 Rd3 39. Rc5 Rb3 40. f4
c3 41. Kf2 c2 42. Rxc2 Rxa3 43. Rc8+ Kf7 44. Rb8 Rb3 45. Rb7+ Ke8 46. Rb6 a3
47. Rxg6 Rxh3 48. Rb6 a2 49. Ra6 b4 50. Kg2 Ra3 0-1

[Event "Torneo B"]
[Site "Formia ITA"]
[Date "1995.07.??"]
[Round "?"]
[White "Neri, Enzo"]
[Black "Segatini, Andrea"]
[Result "1-0"]
[WhiteElo "2069"]
[BlackElo "1902"]
[PlyCount "57"]
[EventDate "1995.07.20"]

1. e4 g6 2. d4 d6 3. f4 Nf6 4. Nc3 Bg7 5. Nf3 O-O 6. Bd3 Na6 7. O-O c5 8. d5
Rb8 9. Qe1 Bg4 10. Qh4 Qc8 11. e5 Bxf3 12. Rxf3 dxe5 13. fxe5 Qg4 14. Qe1 Nd7
15. Bf4 g5 16. h3 Qh5 17. Bh2 e6 18. a3 Nc7 19. d6 Nd5 20. Nxd5 exd5 21. e6
fxe6 22. Qxe6+ Kh8 23. Rxf8+ Nxf8 24. Qxd5 Nd7 25. c3 b6 26. Qf5 Rd8 27. Re1
Qh6 28. Re7 Nf8 29. Rxg7 1-0

[Event "Torneo B"]
[Site "Formia ITA"]
[Date "1995.07.??"]
[Round "?"]
[White "Niederstaetter, Harald"]
[Black "Coppini, Giorgio"]
[Result "1/2-1/2"]
[WhiteElo "1911"]
[BlackElo "2210"]
[PlyCount "22"]
[EventDate "1995.07.20"]

1. c4 e5 2. Nc3 Bb4 3. g3 Nf6 4. Bg2 O-O 5. e3 Bxc3 6. bxc3 d6 7. Ne2 e4 8. f3
exf3 9. Bxf3 Nc6 10. d3 Ne5 11. Bg2 c6 1/2-1/2

[Event "Torneo B"]
[Site "Formia ITA"]
[Date "1995.07.??"]
[Round "?"]
[White "Niederstaetter, Harald"]
[Black "Isonzo, David"]
[Result "0-1"]
[WhiteElo "1911"]
[BlackElo "2190"]
[PlyCount "64"]
[EventDate "1995.07.20"]

1. Nf3 Nf6 2. c4 g6 3. g3 Bg7 4. Bg2 O-O 5. O-O d6 6. Nc3 e5 7. d3 Nc6 8. Rb1
a5 9. a3 Nh5 10. b4 axb4 11. axb4 f5 12. Nd5 f4 13. e3 Bg4 14. h3 Bxf3 15. Bxf3
fxg3 16. Bxh5 gxf2+ 17. Kg2 gxh5 18. Qxh5 Ne7 19. Nxe7+ Qxe7 20. e4 c6 21. b5
d5 22. bxc6 bxc6 23. cxd5 cxd5 24. Qe2 Qe6 25. Rxf2 Rxf2+ 26. Kxf2 Qxh3 27.
exd5 Rf8+ 28. Kg1 e4 29. Be3 exd3 30. Qxd3 Bh6 31. Re1 Qg3+ 32. Kh1 Qxe1+ 0-1

[Event "Torneo B"]
[Site "Formia ITA"]
[Date "1995.07.??"]
[Round "?"]
[White "Niederstaetter, Harald"]
[Black "Milivojevic, Slobodanka"]
[Result "1-0"]
[WhiteElo "1911"]
[BlackElo "2065"]
[PlyCount "65"]
[EventDate "1995.07.20"]

1. c4 Nf6 2. Nc3 e6 3. e4 d6 4. Nf3 c5 5. d4 cxd4 6. Nxd4 a6 7. Be2 Be7 8. O-O
O-O 9. Be3 Nbd7 10. f3 Qc7 11. Rc1 b6 12. Qd2 Bb7 13. Rfd1 Rfd8 14. Bf1 Rac8
15. Qf2 Qb8 16. b3 Bf8 17. Na4 d5 18. exd5 exd5 19. Nf5 Qe5 20. Ng3 dxc4 21.
Nxb6 Nxb6 22. Rxd8 Rxd8 23. Bxb6 c3 24. f4 Qd5 25. Rxc3 Re8 26. Be2 Qd2 27. Rc7
Bc8 28. Bc4 Re1+ 29. Nf1 Qd6 30. Bxf7+ Kh8 31. Rxc8 Ng4 32. Qxe1 Qxb6+ 33. Ne3
1-0

[Event "Torneo B"]
[Site "Formia ITA"]
[Date "1995.07.??"]
[Round "?"]
[White "Niederstaetter, Harald"]
[Black "Vismara, Daniele"]
[Result "0-1"]
[WhiteElo "1911"]
[BlackElo "2254"]
[PlyCount "32"]
[EventDate "1995.07.20"]

1. d4 Nf6 2. e3 g6 3. Bd3 Bg7 4. f4 O-O 5. Nf3 d6 6. O-O Nbd7 7. c3 e5 8. fxe5
dxe5 9. Nbd2 Re8 10. e4 exd4 11. cxd4 Nc5 12. Bc4 Ncxe4 13. Nxe4 Rxe4 14. Qb3
Be6 15. Bxe6 Rxe6 16. Qxb7 Rb6 0-1

[Event "Torneo B"]
[Site "Formia ITA"]
[Date "1995.07.??"]
[Round "?"]
[White "Picardi, Angelo"]
[Black "Accardo, Francesco"]
[Result "1-0"]
[WhiteElo "2048"]
[BlackElo "1898"]
[PlyCount "55"]
[EventDate "1995.07.20"]

1. e4 a6 2. d4 e6 3. Nf3 b5 4. Bd3 Bb7 5. O-O c5 6. c3 Qc7 7. Qe2 Nc6 8. a3 Nf6
9. Bg5 h6 10. Bxf6 gxf6 11. Nbd2 Qf4 12. Qe3 Qg4 13. dxc5 Rg8 14. g3 h5 15. b4
h4 16. c4 Qh5 17. cxb5 axb5 18. Bxb5 d6 19. Nd4 hxg3 20. fxg3 dxc5 21. Nxc6 Bh6
22. Qxc5 Be3+ 23. Qxe3 Qxb5 24. Na5 Ba6 25. Rac1 Qh5 26. Rxf6 Rd8 27. Ndc4 Qe5
28. Nxe5 1-0

[Event "Torneo B"]
[Site "Formia ITA"]
[Date "1995.07.??"]
[Round "?"]
[White "Picardi, Angelo"]
[Black "Bellincampi, Stefano"]
[Result "1/2-1/2"]
[WhiteElo "2048"]
[BlackElo "2060"]
[PlyCount "47"]
[EventDate "1995.07.20"]

1. e4 c6 2. d3 d5 3. Nd2 e5 4. Ngf3 Bd6 5. g3 Nf6 6. Bg2 O-O 7. h3 Re8 8. O-O
Nbd7 9. Re1 a5 10. a4 Nc5 11. d4 dxe4 12. Nxe5 Bxe5 13. dxe5 Rxe5 14. Nxe4 Qxd1
15. Nxf6+ gxf6 16. Rxd1 Bf5 17. Bf4 Re2 18. Rd2 Rae8 19. Bf1 Re1 20. Rxe1 Rxe1
21. Bh6 Re8 22. b3 Ne4 23. Rd1 Nc5 24. Rd2 1/2-1/2

[Event "Torneo B"]
[Site "Formia ITA"]
[Date "1995.07.??"]
[Round "?"]
[White "Picardi, Angelo"]
[Black "Della Ragione, Achille"]
[Result "1-0"]
[WhiteElo "2048"]
[BlackElo "2142"]
[PlyCount "113"]
[EventDate "1995.07.20"]

1. e4 d5 2. exd5 Nf6 3. c4 c6 4. d4 cxd5 5. Nc3 Nc6 6. Bg5 e6 7. Nf3 Be7 8. c5
O-O 9. Bb5 Nd7 10. Bf4 Bf6 11. O-O g6 12. Re1 a6 13. Bxc6 bxc6 14. b4 Re8 15.
Qd2 Bg7 16. a4 f6 17. b5 axb5 18. axb5 Bb7 19. Qb2 e5 20. Rxa8 Bxa8 21. Be3
exd4 22. Bxd4 Rxe1+ 23. Nxe1 Ne5 24. b6 Bb7 25. Qa1 Qc8 26. h3 Kf8 27. Qa7 f5
28. f4 Nf7 29. Bxg7+ Kxg7 30. Nf3 Kf8 31. Kh2 Ke8 32. Ne2 Qa8 33. Qxa8+ Bxa8
34. Ned4 Nd8 35. Ne5 Nb7 36. Nd3 Kd7 37. Kg3 Nd8 38. Kh4 Ke7 39. Ne5 Kf6 40.
Nd7+ Kg7 41. Ne5 Kf6 42. Nd7+ Kg7 43. Ne5 Bb7 44. Nef3 Nf7 45. Ng5 Nxg5 46.
fxg5 Kf7 47. Kg3 Ke7 48. Kf4 Ba8 49. Ke5 Kd7 50. Kf6 Bb7 51. h4 Ba8 52. Kg7 Ke7
53. Kxh7 Kf7 54. h5 gxh5 55. g6+ Kf6 56. g7 Ke5 57. Nf3+ 1-0

[Event "Torneo B"]
[Site "Formia ITA"]
[Date "1995.07.??"]
[Round "?"]
[White "Picardi, Angelo"]
[Black "Gazmaga, Stefan"]
[Result "0-1"]
[WhiteElo "2048"]
[BlackElo "2235"]
[PlyCount "64"]
[EventDate "1995.07.20"]

1. e4 c5 2. d4 cxd4 3. c3 Nf6 4. e5 Nd5 5. Nf3 e6 6. cxd4 b6 7. Bc4 Bb7 8. O-O
Na6 9. Re1 Be7 10. Qe2 Nac7 11. Qe4 Bc6 12. Qg4 O-O 13. a3 f5 14. exf6 Bxf6 15.
Nbd2 Bb5 16. Ba2 Bd3 17. Ne4 Qe7 18. Bd2 g6 19. Rac1 Bxe4 20. Qxe4 Qd6 21. h4
Bg7 22. Ne5 Nf6 23. Qd3 Ncd5 24. Nc4 Qb8 25. Ne5 Qb7 26. Nc4 Nh5 27. g3 Qa6 28.
Qe4 Rac8 29. Nd6 Ndf6 30. Qf3 Rxc1 31. Rxc1 Ne8 32. Bc4 Rxf3 0-1

[Event "Torneo B"]
[Site "Formia ITA"]
[Date "1995.07.??"]
[Round "?"]
[White "Sannino, Raffaele"]
[Black "Doric, Nenad"]
[Result "0-1"]
[WhiteElo "1906"]
[BlackElo "2245"]
[PlyCount "52"]
[EventDate "1995.07.20"]

1. e4 c5 2. Bc4 e6 3. Qe2 Nc6 4. c3 Nge7 5. Bb3 d5 6. d3 g6 7. Nf3 Bg7 8. O-O
b6 9. exd5 Nxd5 10. d4 cxd4 11. Nxd4 Nxd4 12. cxd4 O-O 13. Be3 Bb7 14. Nd2 Bxd4
15. Bxd4 Nf4 16. Qe5 Qxd4 17. Qxd4 Ne2+ 18. Kh1 Nxd4 19. Rac1 Rac8 20. Nc4 Rfd8
21. Rfd1 Nxb3 22. axb3 Rxd1+ 23. Rxd1 Bd5 24. Ne3 Bxb3 25. Ra1 a5 26. h3 Rd8
0-1

[Event "Torneo B"]
[Site "Formia ITA"]
[Date "1995.07.??"]
[Round "?"]
[White "Sannino, Raffaele"]
[Black "Niederstaetter, Harald"]
[Result "1/2-1/2"]
[WhiteElo "1906"]
[BlackElo "1911"]
[PlyCount "57"]
[EventDate "1995.07.20"]

1. e4 g6 2. Bc4 Bg7 3. Nf3 c6 4. Nc3 b5 5. Bb3 b4 6. Ne2 d5 7. O-O Nf6 8. e5
Ne4 9. c3 Bg4 10. d4 bxc3 11. Nxc3 Nxc3 12. bxc3 e6 13. Ba3 Bf8 14. Bxf8 Kxf8
15. h3 Bxf3 16. Qxf3 Nd7 17. Qe3 c5 18. f4 h5 19. Rf2 Rc8 20. Raf1 cxd4 21.
cxd4 Qa5 22. Rc1 Kg7 23. Rfc2 Qa6 24. f5 Rxc2 25. f6+ Kh7 26. Rxc2 Rc8 27. Rf2
Qc6 28. Rc2 Qa6 29. Rd2 1/2-1/2

[Event "Torneo B"]
[Site "Formia ITA"]
[Date "1995.07.??"]
[Round "?"]
[White "Sannino, Raffaele"]
[Black "Picardi, Angelo"]
[Result "0-1"]
[WhiteElo "1906"]
[BlackElo "2048"]
[PlyCount "64"]
[EventDate "1995.07.20"]

1. e4 e6 2. d4 d5 3. e5 c5 4. Nf3 cxd4 5. Bd3 Nc6 6. O-O f6 7. Qe2 fxe5 8. Nxe5
Nxe5 9. Qxe5 Nf6 10. Bf4 Bc5 11. Bb5+ Kf7 12. Nd2 Rf8 13. Nb3 Bb6 14. Rae1 Kg8
15. h3 Ne4 16. g4 d3 17. Bxd3 Bxf2+ 18. Rxf2 Nxf2 19. Kxf2 g5 20. Nd4 Qf6 21.
c3 Qxf4+ 22. Qxf4 Rxf4+ 23. Kg3 Rf6 24. Re5 h6 25. h4 gxh4+ 26. Kxh4 Bd7 27. g5
hxg5+ 28. Rxg5+ Kf7 29. Rh5 Rg8 30. Rh7+ Rg7 31. Rh8 Rf2 32. Kh3 e5+ 0-1

[Event "Torneo B"]
[Site "Formia ITA"]
[Date "1995.07.??"]
[Round "?"]
[White "Sannino, Raffaele"]
[Black "Segatini, Andrea"]
[Result "1-0"]
[WhiteElo "1906"]
[BlackElo "1902"]
[PlyCount "127"]
[EventDate "1995.07.20"]

1. e4 g6 2. Nc3 Bg7 3. Bc4 d6 4. f4 e5 5. Nf3 Nc6 6. O-O Na5 7. Be2 Bg4 8. d3
Nc6 9. Ng5 Bxe2 10. Nxe2 h6 11. Nh3 Nf6 12. Ng3 Qd7 13. c3 O-O 14. f5 Ne7 15.
Be3 g5 16. Nxg5 hxg5 17. Bxg5 Nh7 18. Qg4 Nxg5 19. Qxg5 f6 20. Qh4 Rf7 21. Rf3
Kf8 22. Nh5 Ng8 23. Rg3 Qe7 24. Rg6 Ke8 25. Qg3 Kd7 26. Nxg7 Nh6 27. Nh5 Rh8
28. Qh4 Kc6 29. b4 Ng8 30. b5+ Kxb5 31. Rb1+ Ka6 32. Qg4 Qe8 33. Ng7 Qc6 34.
Qd1 b6 35. Qb3 Qd7 36. Ne6 Rfh7 37. Nf8 Qf7 38. Nxh7 Qxh7 39. h3 Ne7 40. Rg4
Qh6 41. Qa3+ Kb7 42. Qc1 Qf8 43. a4 a5 44. Qe3 Qf7 45. Qd2 Qe8 46. Qa2 Qc6 47.
Qc4 Qe8 48. Qe6 Rh7 49. Qxf6 Qxa4 50. Rg7 Rxg7 51. Qxg7 Qc2 52. Rf1 Nc6 53. f6
Nd8 54. f7 Ne6 55. f8=Q Nxf8 56. Qxf8 Qxd3 57. Qf3 Qc4 58. h4 a4 59. h5 a3 60.
h6 Qc5+ 61. Kh2 Qc6 62. h7 Qe8 63. Qf7 Qd8 64. Qf6 1-0

[Event "Torneo B"]
[Site "Formia ITA"]
[Date "1995.07.??"]
[Round "?"]
[White "Sannino, Raffaele"]
[Black "Zinani, Alessandro"]
[Result "1/2-1/2"]
[WhiteElo "1906"]
[BlackElo "2100"]
[PlyCount "135"]
[EventDate "1995.07.20"]

1. e4 c6 2. d4 d5 3. exd5 cxd5 4. c4 e6 5. Nc3 Nf6 6. c5 Nc6 7. Nf3 Be7 8. Rb1
Ne4 9. Bb5 Nxc3 10. bxc3 f6 11. O-O O-O 12. Qe2 Qc7 13. c4 Rd8 14. cxd5 exd5
15. Bd3 Bg4 16. Be3 Rf8 17. h3 Bh5 18. g4 Bf7 19. Qc2 g6 20. Bh6 Rfe8 21. Rb2
Bf8 22. Be3 Re7 23. Rfb1 Rb8 24. Qd2 g5 25. Qc2 Be8 26. Kg2 Qc8 27. Ng1 Bd7 28.
Ne2 h5 29. Ng3 hxg4 30. hxg4 Bxg4 31. Nf5 Rh7 32. Kg3 Bxf5 33. Bxf5 Qc7+ 34. f4
gxf4+ 35. Bxf4 Rg7+ 36. Bg6 Qf7 37. Bxb8 Rxg6+ 38. Kf2 Qg7 39. Qxg6 Qxg6 40.
Rg1 Qxg1+ 41. Kxg1 Nxb8 42. Kf2 Nc6 43. Ke3 Nd8 44. Rh2 Bg7 45. Rh5 Nc6 46.
Rxd5 f5 47. Rxf5 Bxd4+ 48. Ke4 Bc3 49. Rd5 Bb4 50. Rd7 Bxc5 51. Rxb7 Bb6 52. a3
Kf8 53. Kd5 Na5 54. Rh7 Ke8 55. Rg7 Kd8 56. Rh7 Kc8 57. Rg7 Bc7 58. Kc5 Kb7 59.
Kb5 a6+ 60. Kc5 Nb3+ 61. Kc4 Nd2+ 62. Kd3 Nf3 63. Ke4 Ne1 64. Kd5 Kb6 65. Kc4
Nc2 66. Kb3 Ne3 67. Rh7 Bd6 68. Rh5 1/2-1/2

[Event "Torneo B"]
[Site "Formia ITA"]
[Date "1995.07.??"]
[Round "?"]
[White "Segatini, Andrea"]
[Black "Fuggetta, Leonardo"]
[Result "1/2-1/2"]
[WhiteElo "1902"]
[BlackElo "2115"]
[PlyCount "125"]
[EventDate "1995.07.20"]

1. e4 g6 2. d4 Bg7 3. Be3 d6 4. Nc3 c6 5. Qd2 b5 6. a4 b4 7. Nd1 Nf6 8. f3 a5
9. Bd3 Ba6 10. Nf2 Nfd7 11. Bxa6 Nxa6 12. Bh6 Bxh6 13. Qxh6 Qb6 14. Ne2 c5 15.
c3 O-O-O 16. O-O Rdg8 17. Qd2 g5 18. Rfc1 Kb8 19. Qd3 Rc8 20. Qb5 Rc7 21. f4 h6
22. Nd1 Rb7 23. Qd3 cxd4 24. cxd4 e5 25. f5 exd4 26. Qxd4 Ne5 27. Ne3 Re8 28.
Qxb6 Rxb6 29. Nd5 Rb7 30. Nf6 Ree7 31. Rd1 Nd7 32. Rxd6 Nac5 33. Ng3 Nxf6 34.
Rxf6 Nxe4 35. Nxe4 Rxe4 36. Rxh6 Re2 37. Rb1 Rd7 38. Rh3 Rdd2 39. Rg3 f6 40. b3
Rf2 41. Rf1 Rfe2 42. h3 Kc7 43. Rff3 Kd6 44. Re3 Kd5 45. Rxe2 Rxe2 46. Kf1 Rc2
47. Re3 Kd4 48. Re6 Kc3 49. Rxf6 Kxb3 50. Ra6 Kxa4 51. f6 Rc5 52. Ke2 Rf5 53.
g4 Rf4 54. Ke3 b3 55. Rb6 Ka3 56. h4 b2 57. Rxb2 Kxb2 58. hxg5 Rf1 59. Ke2 Rf4
60. Ke3 Rf1 61. Ke2 Rf4 62. Ke3 Rf1 63. Ke2 1/2-1/2

[Event "Torneo B"]
[Site "Formia ITA"]
[Date "1995.07.??"]
[Round "?"]
[White "Segatini, Andrea"]
[Black "Liguori, Renato"]
[Result "1-0"]
[WhiteElo "1902"]
[BlackElo "1888"]
[PlyCount "107"]
[EventDate "1995.07.20"]

1. e4 d6 2. d4 g6 3. Nc3 Nf6 4. f3 Bg7 5. Be3 O-O 6. Qd2 c6 7. Bd3 e5 8. dxe5
dxe5 9. Nge2 Be6 10. O-O Qc7 11. Ng3 Nbd7 12. Qf2 Rfd8 13. Na4 Bf8 14. c4 Qa5
15. b3 Ba3 16. Rad1 Ne8 17. f4 exf4 18. Bxf4 Nc5 19. Bd2 Nxd3 20. Bxa5 Nxf2 21.
Rxd8 Rxd8 22. Bxd8 Nd3 23. h3 Bd6 24. Rd1 Nb4 25. Ne2 Nxa2 26. Nd4 Bc8 27. Ba5
Be7 28. Nc2 b5 29. cxb5 cxb5 30. Nb2 Be6 31. Nd4 Bc5 32. Kh1 Bd7 33. Nc2 Be6
34. Rd8 Kf8 35. b4 Bf2 36. Nd1 Bh4 37. Ra8 Nc1 38. Nd4 Bc4 39. Nc3 Bf2 40.
Ndxb5 Bxb5 41. Nxb5 Ne2 42. Bc7 Ke7 43. Bd8+ Kd7 44. g4 Ng3+ 45. Kg2 Nxe4 46.
Nc3 N8d6 47. Ba5 f5 48. gxf5 gxf5 49. Rd8+ Ke7 50. Rxd6 Nxc3 51. Rh6 Bd4 52.
Rxh7+ Kf6 53. Rd7 Be3 54. Rd3 1-0

[Event "Torneo B"]
[Site "Formia ITA"]
[Date "1995.07.??"]
[Round "?"]
[White "Segatini, Andrea"]
[Black "Niederstaetter, Harald"]
[Result "1/2-1/2"]
[WhiteElo "1902"]
[BlackElo "1911"]
[PlyCount "32"]
[EventDate "1995.07.20"]

1. e4 g6 2. d4 Bg7 3. Nc3 c6 4. Be3 d5 5. Qd2 dxe4 6. Nxe4 Nd7 7. Bc4 Nb6 8.
Bb3 Bf5 9. Ng5 e6 10. N5f3 Nf6 11. Ne2 Ne4 12. Qc1 Bg4 13. h3 Bxf3 14. gxf3 Nd6
15. c3 a5 16. Bg5 Qd7 1/2-1/2

[Event "Torneo B"]
[Site "Formia ITA"]
[Date "1995.07.??"]
[Round "?"]
[White "Segatini, Andrea"]
[Black "Tribuiani, Renato"]
[Result "1/2-1/2"]
[WhiteElo "1902"]
[BlackElo "2110"]
[PlyCount "94"]
[EventDate "1995.07.20"]

1. e4 Nc6 2. Nf3 f5 3. e5 d6 4. exd6 e5 5. Bb5 cxd6 6. d3 Nf6 7. Nc3 Be7 8. O-O
a6 9. Ba4 b5 10. Bb3 Na5 11. Bd5 Nxd5 12. Nxd5 Bb7 13. Nxe7 Qxe7 14. a4 O-O 15.
axb5 axb5 16. Bd2 Nc6 17. Rxa8 Rxa8 18. c3 Qe6 19. Ng5 Qd5 20. Qf3 Qxf3 21.
Nxf3 Ra2 22. Rb1 Nd8 23. Ne1 Ne6 24. Nc2 Nc5 25. Nb4 Ra8 26. f3 Kf7 27. Be3 Nb3
28. Rd1 Ke6 29. Kf1 d5 30. d4 e4 31. Bf4 h6 32. h4 h5 33. Kf2 g6 34. Bg5 Rf8
35. Bf4 Kd7 36. Ke3 Ra8 37. Kf2 Ra1 38. Rxa1 Nxa1 39. Kg3 Nb3 40. Nc2 Na5 41.
Bc1 Nc4 42. Kf4 Ke6 43. Kg5 Kf7 44. Na3 Nxa3 45. bxa3 Bc6 46. Be3 Be8 47. fxe4
fxe4 1/2-1/2

[Event "Torneo B"]
[Site "Formia ITA"]
[Date "1995.07.??"]
[Round "?"]
[White "Stoll, Thomas"]
[Black "Bellincampi, Stefano"]
[Result "1-0"]
[WhiteElo "1950"]
[BlackElo "2060"]
[PlyCount "51"]
[EventDate "1995.07.20"]

1. d4 d5 2. Nf3 c6 3. Bg5 Qb6 4. e3 Qxb2 5. Nbd2 Nf6 6. Bd3 Nbd7 7. O-O e6 8.
c4 Qb6 9. Ne5 Qc7 10. f4 c5 11. Qe1 dxc4 12. Bxc4 a6 13. a4 Nb6 14. Bd3 cxd4
15. Rc1 Qd8 16. e4 Bb4 17. f5 Nbd7 18. Nxf7 Kxf7 19. fxe6+ Ke8 20. exd7+ Qxd7
21. Qg3 Rf8 22. Rc7 Bd6 23. Rxd7 Bxg3 24. Rxg7 Be5 25. Nc4 h6 26. Bh4 1-0

[Event "Torneo B"]
[Site "Formia ITA"]
[Date "1995.07.??"]
[Round "?"]
[White "Stoll, Thomas"]
[Black "Gazmaga, Stefan"]
[Result "0-1"]
[WhiteElo "1950"]
[BlackElo "2235"]
[PlyCount "164"]
[EventDate "1995.07.20"]

1. d4 Nf6 2. c4 e6 3. Nc3 d5 4. cxd5 exd5 5. Bg5 c6 6. e3 Bd6 7. Bd3 Nbd7 8.
Nf3 Nf8 9. Qc2 Ng6 10. O-O Bg4 11. e4 Bxf3 12. e5 h6 13. Bxf6 gxf6 14. exd6 Bh5
15. f4 Qxd6 16. Rae1+ Kf8 17. Bxg6 Bxg6 18. Qe2 Bf5 19. Qh5 Bd7 20. Kh1 Re8 21.
Rxe8+ Bxe8 22. g4 Qb4 23. Ne2 Qd2 24. Ng3 c5 25. Nf5 Qe2 26. Kg1 cxd4 27. Qh4
Qa6 28. Qe1 Qe6 29. Qb4+ Kg8 30. Re1 Qd7 31. Qxd4 Qd8 32. g5 hxg5 33. fxg5 Bc6
34. gxf6 Qb6 35. Kh1 Qxd4 36. Nxd4 Rh6 37. Rg1+ Kf8 38. Rf1 Bd7 39. Rf4 Rh3 40.
Kg2 Rd3 41. Nb3 Rd1 42. Rh4 Kg8 43. Rb4 b6 44. Rf4 Rb1 45. Rf2 Bc6 46. Nd4 Bd7
47. Kf3 Re1 48. Rg2+ Kf8 49. Rd2 Re4 50. b4 a6 51. a3 Kg8 52. b5 axb5 53. Nxb5
Ra4 54. Nc7 d4 55. Kf4 d3+ 56. Ke5 Rxa3 57. Kd6 Bf5 58. Nd5 Kh7 59. Ne7 Be4 60.
Ke5 Ra4 61. Rf2 Kh6 62. Nc8 Bg6 63. Nd6 Ra1 64. Kd4 Re1 65. Nc4 Re2 66. Rf1 b5
67. Ne5 Rxe5 68. Kxe5 Bh5 69. Rf2 Be2 70. Kf5 d2 71. Rxe2 d1=Q 72. Re4 Qf3+ 73.
Ke5 Kg6 74. Rf4 Qxf4+ 75. Kxf4 Kxf6 76. Ke4 Kg5 77. Kd5 Kh4 78. Kc5 Kh3 79.
Kxb5 f5 80. Kc4 f4 81. Kd3 f3 82. Ke3 Kg2 0-1

[Event "Torneo B"]
[Site "Formia ITA"]
[Date "1995.07.??"]
[Round "?"]
[White "Stoll, Thomas"]
[Black "Vujovic, Milorad"]
[Result "0-1"]
[WhiteElo "1950"]
[BlackElo "2305"]
[PlyCount "52"]
[EventDate "1995.07.20"]

1. d4 Nf6 2. c4 e6 3. Nc3 Bb4 4. Bg5 c5 5. d5 b5 6. e4 h6 7. Bh4 g5 8. Bg3 Nxe4
9. Be5 O-O 10. Qh5 d6 11. Bd3 exd5 12. O-O-O Bxc3 13. bxc3 Bf5 14. f3 dxe5 15.
fxe4 Bg6 16. Qxh6 Qa5 17. Ne2 Qa3+ 18. Kb1 bxc4 19. Bxc4 Nc6 20. Bxd5 Rab8+ 21.
Kc2 Rb2+ 22. Kd3 Qa6+ 23. Bc4 Rd8+ 24. Nd4 Rxd4+ 25. cxd4 Nb4+ 26. Ke3 Qxc4 0-1

[Event "Torneo B"]
[Site "Formia ITA"]
[Date "1995.07.??"]
[Round "?"]
[White "Tribuiani, Renato"]
[Black "Andreoli, Mark"]
[Result "1/2-1/2"]
[WhiteElo "2110"]
[BlackElo "2085"]
[PlyCount "206"]
[EventDate "1995.07.20"]

1. e4 c5 2. Nf3 d6 3. d4 cxd4 4. Nxd4 Nf6 5. Nc3 a6 6. Bg5 e6 7. Bc4 Be7 8. Qd2
O-O 9. O-O b5 10. Bxf6 Bxf6 11. Bb3 Bb7 12. a3 Nd7 13. Rfe1 Qb6 14. Rad1 Nc5
15. Ba2 Rac8 16. Kh1 b4 17. axb4 Qxb4 18. Nd5 Qxd2 19. Nxf6+ gxf6 20. Rxd2 Nxe4
21. Rde2 d5 22. f3 Nd6 23. c3 a5 24. Ra1 Ba6 25. Rd2 a4 26. Bb1 a3 27. Rd1 Nc4
28. b3 Nb2 29. Rc1 Bd3 30. Bxd3 Nxd3 31. Rc2 Ra8 32. Rca2 Rfc8 33. Ne2 d4 34.
c4 e5 35. Kg1 Nb2 36. Kf1 Rab8 37. Rxa3 Nd3 38. Ng3 Nb4 39. Rc1 Nd3 40. Rd1 Nc5
41. Rb1 Rb4 42. Nh5 f5 43. Nf6+ Kg7 44. Nd5 Rb7 45. b4 Nd7 46. Rc1 Nf6 47. Nxf6
Kxf6 48. Ra4 e4 49. Ke2 h5 50. c5 Ke5 51. c6 Rb5 52. c7 Kd6 53. Ra6+ Kd7 54.
Rc4 d3+ 55. Ke3 Rxc7 56. Rd4+ Kc8 57. fxe4 Re7 58. Kxd3 fxe4+ 59. Rxe4 Rxe4 60.
Kxe4 Rxb4+ 61. Kf3 Rb3+ 62. Kf4 Rb4+ 63. Kg3 Rb3+ 64. Kh4 Rb5 65. Rf6 Rb2 66.
Kh3 Rb3+ 67. g3 Rb7 68. Kh4 Kd8 69. Kxh5 Ke7 70. Rf5 Kf8 71. Rg5 Rb6 72. h4 Ra6
73. Kg4 Rb6 74. h5 Ra6 75. Kh4 Rb6 76. g4 Ra6 77. Rf5 Kg7 78. Rf4 f6 79. Rb4
Rc6 80. Rb7+ Kh6 81. Rf7 Ra6 82. Rf8 Kg7 83. Rb8 Rc6 84. Rb5 Ra6 85. Kg3 Ra4
86. Rf5 Ra6 87. Rf3 Rb6 88. Re3 Rb7 89. Kf4 Ra7 90. Re4 Rb7 91. Rd4 Ra7 92. Rd5
Rb7 93. Kf5 Ra7 94. Ke6 Ra6+ 95. Rd6 Ra4 96. Rd7+ Kh6 97. Kf5 Ra1 98. Kxf6 Rg1
99. Kf5 Rf1+ 100. Ke4 Rf4+ 101. Ke5 Rxg4 102. Kf5 Rg5+ 103. Kf6 Rxh5 1/2-1/2